| 000 | 03548nam a22002537a 4500 | ||
|---|---|---|---|
| 001 | 216223582 | ||
| 003 | UA-OsUOA | ||
| 005 | 20230327101027.0 | ||
| 008 | 230327b un ||||| |||| 00| 0 ukr d | ||
| 040 |
_aUA-OsUOA _bukr _cUA-OsUOA _dUA-OsUOA |
||
| 041 | _aukr | ||
| 080 | _a343.985:343.132 | ||
| 090 | _a343.985:343.132 | ||
| 095 |
_a12.00.09 _bкримінальний процес та криміналістика; судова експертиза; оперативно-розшукова діяльність |
||
| 100 | _aРудніченко О. М. | ||
| 245 |
_aРозслідування незаконного позбавлення волі або викрадення людини _cРудніченко Оксана Миколаївна ; наук. керівник Ігнатюк Олег Володимирович |
||
| 260 |
_aКиїв _c2021 |
||
| 300 | _a20 с. | ||
| 502 |
_6Автореферат дисертації на здобуття наукового ступеня кандидата юридичних наук
_cПрАТ " Вищий навчальний заклад " Міжрегіональна Академія управління персоналом" _d2021 |
||
| 520 | _aУ дисертації розроблено наукові основи комплексної криміналістичної методики розслідування незаконного позбавлення волі або викрадення людини в умовах нового кримінального процесуального законодавства, визначено її місце в системі видових методик, а також структуру криміналістичної характеристики, до якої включено такі елементи, як спосіб підготовки, вчинення та приховування злочинів; обстановка вчинення та слідова картина; відомості про осіб, які вчинили злочини, злочинні групи та особу потерпілого (-их) з урахуванням сучасного стану кримінального процесуального законодавства та правоохоронної діяльності. Досліджено проблемні аспекти початку досудового розслідування та обставини, що підлягають встановленню у кримінальних провадженнях щодо незаконного позбавлення волі або викрадення людини. Виокремлено типові слідчі ситуації та основні напрями розслідування. Визначено можливості взаємодії слідчого з працівниками оперативних підрозділів. Розкрито особливості тактико- криміналістичного забезпечення проведення слідчих (розшукових) дій і негласних слідчих (розшукових) дій під час розслідування та проаналізовано форми використання спеціальних знань за таких умов. | ||
| 650 |
_2UDC _a343 Кримінальне право. Карні порушення |
||
| 942 |
_2udc _cAR |
||
| 955 | _a1 | ||
| 999 |
_c574019 _d574019 |
||